British Standards: Methods for determination of linear density of yarn removed from fabric (ISO title: Textiles- Woven fabrics-Construction-Methods of analysis- part 5: Determination of linear density of yarn removed from faric) (Record no. 73048)

MARC details
000 -LEADER
fixed length control field 00646nam a2200169Ia 4500
245 #0 - TITLE STATEMENT
Title British Standards: Methods for determination of linear density of yarn removed from fabric (ISO title: Textiles- Woven fabrics-Construction-Methods of analysis- part 5: Determination of linear density of yarn removed from faric)
260 ## - PUBLICATION, DISTRIBUTION, ETC. (IMPRINT)
Place of publication London
260 ## - PUBLICATION, DISTRIBUTION, ETC. (IMPRINT)
Year of publication 1984
Name of publisher British Standards Instituion
490 ## - SERIES STATEMENT
Series statement British Standards
500 ## - GENERAL NOTE
General note Standard number: BS 2865 ISO 7211/5-1984
650 ## - SUBJECT ADDED ENTRY--TOPICAL TERM
Topical Term Linear density
650 ## - SUBJECT ADDED ENTRY--TOPICAL TERM
Topical Term Txtiles
650 ## - SUBJECT ADDED ENTRY--TOPICAL TERM
Topical Term Woven fabrics
650 ## - SUBJECT ADDED ENTRY--TOPICAL TERM
Topical Term Yarn
942 ## - ADDED ENTRY ELEMENTS (KOHA)
Koha item type Standards
Holdings
Withdrawn status Lost status Damaged status Not for loan Home library Current library Date acquired Koha item type
      Standards RRII Library RRII Library 31/12/2021 Standards